000
00318nam a2200145Ia 4500
100
_a
Bhatia/M.L
490
_v
III
942
_c
BK
654
_a
engineering
245
_a
Text Book of Engineering Mathematics
260
_b
Everest Pub.House
_a
Pune
_c
1998
082
_a
519
_b
BHA
300
_a
411
546
_a
ENGLISH
999
_c
33347
_d
33347